000 01373nam a2200337Ia 4500
001 ebr10167433
003 CaPaEBR
006 m u
007 cr cn|||||||||
008 060616s2006 enk sb 001 0 eng d
020 _z1403975620 (hbk.) :
020 _z9781403975621 (hbk.) :
040 _aCaPaEBR
_cCaPaEBR
035 _a(OCoLC)236336086
050 1 4 _aLC196
_b.B73 2006eb
082 0 4 _a370.115
_222
100 1 _aBracher, Mark,
_d1950-
245 1 0 _aRadical pedagogy
_h[electronic resource] :
_bidentity, generativity, and social transformation /
_cMark Bracher.
260 _aBasingstoke :
_bPalgrave Macmillan,
_c2006.
300 _axiv, 229 p.
490 1 _aPsychoanalysis, education, and social transformation
504 _aIncludes bibliographical references and index.
533 _aElectronic reproduction.
_bPalo Alto, Calif. :
_cebrary,
_d2009.
_nAvailable via World Wide Web.
_nAccess may be limited to ebrary affiliated libraries.
650 0 _aCritical pedagogy.
650 0 _aEducation
_xSocial aspects.
650 0 _aIdentity (Psychology)
_xSocial aspects.
655 7 _aElectronic books.
_2local
710 2 _aebrary, Inc.
830 0 _aPsychoanalysis, education, and social transformation.
856 4 0 _uhttp://site.ebrary.com/lib/rucke/Doc?id=10167433
_zAn electronic book accessible through the World Wide Web; click to view
999 _c246954
_d246954